Globalisierung und Wohlfahrtsstaatliche Aufgaben (Record no. 3514)

MARC details
000 -LEADER
fixed length control field 00530nam a22002057i 4500
001 - CONTROL NUMBER
control field 3567
003 - CONTROL NUMBER IDENTIFIER
control field OSt
005 - DATE AND TIME OF LATEST TRANSACTION
control field 20170126082320.0
007 - PHYSICAL DESCRIPTION FIXED FIELD--GENERAL INFORMATION
fixed length control field tu
008 - FIXED-LENGTH DATA ELEMENTS--GENERAL INFORMATION
fixed length control field 161220s1997 xxu||||| |||| 00| 0 d
024 7# - OTHER STANDARD IDENTIFIER
Standard number or code 3566
Source of number or code RID
040 ## - CATALOGING SOURCE
Transcribing agency OSt
084 ## - OTHER CLASSIFICATION NUMBER
Classification number 10.341
-- 10.53
Number source z
100 1# - MAIN ENTRY--PERSONAL NAME
Personal name Mayer, Otto G.
245 00 - TITLE STATEMENT
Title Globalisierung und Wohlfahrtsstaatliche Aufgaben
260 ## - PUBLICATION, DISTRIBUTION, ETC.
Place of publication, distribution, etc. Hamburg :
Name of publisher, distributor, etc. HWWA-Institut für Wirtschaftsforschung,Hamburg,
Date of publication, distribution, etc. 1997.
300 ## - PHYSICAL DESCRIPTION
Extent 22 S. ;
Dimensions 30cm.
490 ## - SERIES STATEMENT
Series statement HWWA-Diskussionspapier
Volume/sequential designation 46
651 ## - SUBJECT ADDED ENTRY--GEOGRAPHIC NAME
Geographic name Germany
942 ## - ADDED ENTRY ELEMENTS (KOHA)
Koha item type Book
Holdings
Withdrawn status Lost status Damaged status Not for loan Home library Current library Shelving location Date acquired Inventory number Total Checkouts Full call number Barcode Date last seen Price effective from Koha item type
        WIIW WIIW Library 07/25/1997 3567   II-6.122/46 303565 01/26/2017 01/26/2017 Book
The Vienna Instiute for International Economic Studies (wiiw)